| 000 | 00591nam a2200193Ia 4500 | ||
|---|---|---|---|
| 003 | GCL | ||
| 008 | 140319s9999 xx 000 0 eng d | ||
| 040 |
_aGCL / _cGCL |
||
| 082 | 0 | 4 |
_a629.13007 _bN G |
| 100 | 1 | _aNATIONAL HEADQUARTERS CIVIL AIRPORT | |
| 245 | 1 | 0 |
_aGENERAL DANIEL ( CHAPPIE ) JAMES, JR / _cNATIONAL HEADQUARTERS CIVIL AIRPORT |
| 260 |
_a[S.N] : _bNATIONAL HEADQUARTERS ، _c1991 |
||
| 300 | _a32 P | ||
| 650 | 0 | 4 | _aAVIATION |
| 650 | 0 | 4 | _aAERONAUTICS - UNITED STATES |
| 650 | 0 | 4 | _aAERONAUTICS - STUDY AND TEACHING |
| 650 | 0 | 4 | _aDANIEL CHAPPIE JAMES, J R |
| 942 |
_2ddc _cBK |
||
| 999 |
_c15444 _d15444 |
||